| 000 | 00792nam a2200253 i 4500 | ||
|---|---|---|---|
| 001 | 13032 | ||
| 003 | ES-MaACL | ||
| 005 | 20250630001356.0 | ||
| 007 | t| | ||
| 008 | 921202s1995 sp a |||| | spa d | ||
| 020 | _a84-505-3517-4 | ||
| 080 | _a914.602.53(036) | ||
| 100 | 1 |
_aAraya Iglesias, Carmen. _922371 |
|
| 245 | 1 | 0 |
_aGuía artística de la ciudad de Badajoz / _cCarmen Araya, Fernando Rubio. |
| 250 | _a3ª ed. corr. | ||
| 260 |
_aBadajoz : _b[Diputación], _c1995. |
||
| 300 |
_a254 p., 1 h. pleg : _bil. ; _c24 cm. |
||
| 504 | _aBibliografía: p. 235-254. | ||
| 650 | 4 |
_aArte- _zBadajoz. _9170075 |
|
| 700 | 1 |
_aRubio, Fernando. _9100344 |
|
| 710 | 1 |
_aBadajoz (Provincia). _bDiputación Provincial _92081 |
|
| 852 |
_aES-MaACL _jL-20425 |
||
| 999 |
_c13032 _d13032 |
||